[Event "FIDE World Uni Rapid-B 1st"]
[Site "Tornelo INT"]
[Date "2021.03.21"]
[Round "10"]
[White "Paiva, Henrique MA Alberg"]
[Black "Amaro Alfonso, Raynner"]
[Result "0-1"]
[WhiteElo "2065"]
[BlackElo "2186"]
[PlyCount "26"]
[EventDate "2021.03.20"]
[EventType "swiss (rapid)"]
[EventRounds "12"]
[EventCountry "NET"]
[SourceTitle "CBM 201 Extra"]
[Source "ChessBase"]
[SourceDate "2021.05.31"]
[SourceVersion "1"]
[SourceVersionDate "2021.05.31"]
[SourceQuality "1"]

1. b3 Nf6 2. Bb2 g6 3. e3 Bg7 4. f4 0-0 5. Nf3 b6 6. Be2 Bb7 7. 0-0 d6 8. c4 c5 9. Nc3 Ne4 10. Qc2 Nxc3 11. Bxc3 Nd7 12. d4 cxd4 13. e4 dxc3 0-1

[Event "FIDE World Uni Blitz-B 1st"]
[Site "Tornelo INT"]
[Date "2021.03.13"]
[Round "10.37"]
[White "Estrada Cantaro, Alexandra Fiore"]
[Black "Amaro Alfonso, Raynner"]
[Result "0-1"]
[WhiteElo "1723"]
[BlackElo "2186"]
[PlyCount "104"]
[EventDate "2021.03.13"]
[EventType "swiss (blitz)"]
[EventRounds "10"]
[EventCountry "NET"]
[SourceTitle "EXT 2022"]
[Source "ChessBase"]
[SourceDate "2021.10.06"]
[SourceVersion "1"]
[SourceVersionDate "2021.10.06"]
[SourceQuality "1"]

1. e4 c5 2. Nf3 Nc6 3. d4 cxd4 4. Nxd4 g6 5. c4 Bg7 6. Nc2 Nf6 7. Nc3 0-0 8. Be2 d6 9. Be3 Nd7 10. 0-0 a5 11. Rc1 Nc5 12. Nd4 Bd7 13. Kh1 Nxd4 14. Bxd4 Bc6 15. Bxg7 Kxg7 16. Bd3 Qb6 17. b3 a4 18. Nd5 Bxd5 19. exd5 axb3 20. axb3 Qxb3 21. Be2 Qxd1 22. Rfxd1 Ra2 23. Bg4 f5 24. Bf3 Rxf2 25. Re1 Kf6 26. Kg1 Ra2 27. Rc3 Rfa8 28. Rce3 Ra1 29. Rxe7 Rxe1+ 30. Rxe1 Kf7 31. Kf2 Ra3 32. Rc1 Kf6 33. Kg3 g5 34. h3 h5 35. Rc2 g4 36. hxg4 hxg4 37. Kf4 gxf3 38. gxf3 Nd3+ 39. Kg3 Ne5 40. Rf2 Kg5 41. Kg2 Kf4 42. Rb2 Rxf3 43. Rxb7 Rc3 44. Rb6 Nxc4 45. Rb4 Ke5 46. Kf2 Kxd5 47. Rb5+ Ke4 48. Rb4 f4 49. Ra4 Rc2+ 50. Ke1 f3 51. Ra8 f2+ 52. Kd1 Ne3# 0-1

[Event "FIDE World Uni Blitz-B 1st"]
[Site "Tornelo INT"]
[Date "2021.03.13"]
[Round "6.34"]
[White "Prado Gabriel, Fabricio David"]
[Black "Amaro Alfonso, Raynner"]
[Result "0-1"]
[WhiteElo "1751"]
[BlackElo "2186"]
[PlyCount "82"]
[EventDate "2021.03.13"]
[EventType "swiss (blitz)"]
[EventRounds "10"]
[EventCountry "NET"]
[SourceTitle "EXT 2022"]
[Source "ChessBase"]
[SourceDate "2021.10.06"]
[SourceVersion "1"]
[SourceVersionDate "2021.10.06"]
[SourceQuality "1"]

1. d4 Nf6 2. Nf3 e6 3. e3 b6 4. Bd3 Bb7 5. 0-0 Be7 6. Nbd2 d5 7. Qe2 0-0 8. e4 dxe4 9. Nxe4 Nbd7 10. h3 Nxe4 11. Bxe4 Bxe4 12. Qxe4 Nf6 13. Qe2 c5 14. Rd1 Qc7 15. c3 Rfd8 16. Bg5 h6 17. Bh4 Nd5 18. Bg3 Qb7 19. Rd2 Bf6 20. Rad1 cxd4 21. Nxd4 Ne7 22. Be5 Bxe5 23. Qxe5 Rd5 24. Qe4 Qa6 25. Nxe6 fxe6 26. Rxd5 exd5 27. Qxe7 Qxa2 28. Rd4 Kh8 29. b4 Qa1+ 30. Kh2 Qxc3 31. Rxd5 a5 32. b5 a4 33. Rd8+ Rxd8 34. Qxd8+ Kh7 35. Qxb6 a3 36. Qa7 Qe5+ 37. g3 Qb2 38. Qe3 a2 39. Qe4+ g6 40. Qe7+ Qg7 41. Qa3 a1Q 0-1

[Event "FIDE World Uni Blitz-B 1st"]
[Site "Tornelo INT"]
[Date "2021.03.13"]
[Round "4.29"]
[White "Rodriguez Silva, Sheila Angelica"]
[Black "Amaro Alfonso, Raynner"]
[Result "0-1"]
[WhiteElo "1745"]
[BlackElo "2186"]
[PlyCount "46"]
[EventDate "2021.03.13"]
[EventType "swiss (blitz)"]
[EventRounds "10"]
[EventCountry "NET"]
[SourceTitle "EXT 2022"]
[Source "ChessBase"]
[SourceDate "2021.10.06"]
[SourceVersion "1"]
[SourceVersionDate "2021.10.06"]
[SourceQuality "1"]

1. e4 c5 2. b3 Nc6 3. Bb2 e5 4. f4 exf4 5. Nf3 d6 6. Bb5 Bg4 7. 0-0 a6 8. Bxc6+ bxc6 9. Qe1 Bxf3 10. Rxf3 Qg5 11. Na3 Ne7 12. Nc4 Ng6 13. e5 d5 14. Nd6+ Bxd6 15. exd6+ Kd7 16. Ba3 Rhe8 17. Qf2 d4 18. c3 Re4 19. cxd4 cxd4 20. Rc1 Rae8 21. Qf1 Re2 22. Rf2 d3 23. Rc3 Re1 0-1

[Event "CUB-ch U18"]
[Site "Pinar del Rio"]
[Date "2019.07.02"]
[Round "7"]
[White "Amaro Alfonso, Raynner"]
[Black "Alvarez Calzadilla, Jose Avelino"]
[Result "0-1"]
[WhiteElo "2237"]
[BlackElo "2239"]
[PlyCount "94"]
[EventDate "2019.06.28"]
[EventType "swiss"]
[EventRounds "9"]
[EventCountry "CUB"]
[SourceTitle "CBM 195 Extra"]
[Source "ChessBase"]
[SourceDate "2020.05.31"]
[SourceVersion "1"]
[SourceVersionDate "2020.05.31"]
[SourceQuality "1"]

1. d4 Nf6 2. Bf4 d5 3. c3 e6 4. Nf3 c5 5. Nbd2 Bd6 6. Bg3 0-0 7. e3 b6 8. Bd3 Nc6 9. Ne5 Bb7 10. f4 Ne7 11. Qb1 g6 12. 0-0 Nf5 13. Bf2 Bxe5 14. dxe5 Ng4 15. Qe1 Nxf2 16. Rxf2 d4 17. cxd4 cxd4 18. e4 Ne3 19. Nf3 a5 20. Rd2 f6 21. exf6 Qxf6 22. g3 Qf7 23. Qe2 h6 24. Re1 g5 25. fxg5 e5 26. gxh6 Qf6 27. h7+ Kh8 28. Nh4 Qh6 29. h3 Rf7 30. Nf5 Qxh3 31. Qh2 Qxh2+ 32. Rxh2 Nxf5 33. exf5 Re8 34. g4 e4 35. Kf2 Rxh7 36. Rxh7+ Kxh7 37. g5 Re5 38. Rh1+ Kg7 39. f6+ Kg6 40. Bb1 Kxg5 41. Rh7 Bd5 42. f7 Rf5+ 43. Ke2 Kg6 44. Rh4 d3+ 45. Ke3 Rxf7 46. a3 Rf1 47. Bxd3 Rf3+ 0-1

[Event "CUB-ch U18"]
[Site "Pinar del Rio"]
[Date "2019.07.02"]
[Round "8"]
[White "Rodriguez Rodriguez, Daniel"]
[Black "Amaro Alfonso, Raynner"]
[Result "0-1"]
[WhiteElo "2274"]
[BlackElo "2237"]
[PlyCount "104"]
[EventDate "2019.06.28"]
[EventType "swiss"]
[EventRounds "9"]
[EventCountry "CUB"]
[SourceTitle "CBM 195 Extra"]
[Source "ChessBase"]
[SourceDate "2020.05.31"]
[SourceVersion "1"]
[SourceVersionDate "2020.05.31"]
[SourceQuality "1"]

1. e4 c5 2. Nf3 Nf6 3. e5 Nd5 4. Nc3 e6 5. Ne4 f5 6. exf6 Nxf6 7. Nxf6+ Qxf6 8. d4 cxd4 9. Bg5 Bb4+ 10. c3 dxc3 11. Bxf6 c2+ 12. Bc3 Bxc3+ 13. bxc3 cxd1Q+ 14. Rxd1 Nc6 15. Bb5 a6 16. Bxc6 bxc6 17. 0-0 Ke7 18. Ne5 Rb8 19. Rb1 Rb5 20. f4 Rf8 21. g3 Kd6 22. c4 Rxb1 23. Rxb1 c5 24. Nd3 Kc6 25. a4 d6 26. a5 Kc7 27. Rb6 Bb7 28. Kf2 Rb8 29. Ke3 Bc8 30. Rxb8 Kxb8 31. h4 Kc7 32. g4 e5 33. f5 Kd8 34. h5 Ke7 35. Nf2 h6 36. Ne4 Bb7 37. Nc3 Bc6 38. Ke2 Kf6 39. Kf2 e4 40. Ke3 Ke5 41. Ne2 Be8 42. Nc3 Bf7 43. Nxe4 Bxc4 44. Nd2 Bd5 45. Nf1 Be4 46. Nd2 d5 47. Nb3 d4+ 48. Ke2 Kd5 49. Nd2 c4 50. Nf1 Bd3+ 51. Kf2 c3 52. Ke1 c2 0-1

[Event "Carlos Torre Memorial op 30th"]
[Site "Merida"]
[Date "2018.12.14"]
[Round "1"]
[White "Amaro Alfonso, Raynner"]
[Black "Albornoz Cabrera, Carlos Daniel"]
[Result "0-1"]
[WhiteElo "2212"]
[BlackElo "2559"]
[PlyCount "78"]
[EventDate "2018.12.14"]
[EventType "swiss"]
[EventRounds "9"]
[EventCountry "MEX"]
[SourceTitle "CBM 187 Extra"]
[Source "ChessBase"]
[SourceDate "2018.11.04"]
[SourceVersion "1"]
[SourceVersionDate "2018.11.04"]
[SourceQuality "1"]

1. e4 c5 2. Nf3 d6 3. d4 cxd4 4. Nxd4 Nf6 5. Nc3 a6 6. f3 e5 7. Nb3 Be6 8. Be3 h5 9. Qd2 Nbd7 10. Nd5 Bxd5 11. exd5 g6 12. Be2 Bg7 13. 0-0 b6 14. c4 0-0 15. Rae1 a5 16. Na1 Nc5 17. Nc2 Re8 18. Bd1 Qd7 19. Na3 e4 20. Bc2 exf3 21. gxf3 h4 22. Bd4 Qh3 23. Rxe8+ Rxe8 24. Nb5 Qd7 25. a3 Qe7 26. b4 Ncd7 27. Bb3 Nh5 28. Bf2 Be5 29. Kh1 Bf4 30. Qd1 Ng3+ 31. hxg3 hxg3 32. Bxg3 Bxg3 33. Qd2 Qh4+ 34. Kg1 Bf4 35. Qb2 Be3+ 36. Kg2 Re5 37. Rb1 Rg5+ 38. Kf1 Rg1+ 39. Ke2 Rxb1 0-1

[Event "Artemisa Province-ch final"]
[Site "Artemisa"]
[Date "2018.10.27"]
[Round "8"]
[White "Vargas Rodriguez, Wilver"]
[Black "Amaro Alfonso, Raynner"]
[Result "1-0"]
[WhiteElo "2233"]
[BlackElo "2180"]
[PlyCount "59"]
[EventDate "2018.10.23"]
[EventType "tourn"]
[EventRounds "10"]
[EventCountry "CUB"]
[SourceTitle "EXT 2021"]
[Source "ChessBase"]
[SourceDate "2020.10.23"]
[SourceVersion "1"]
[SourceVersionDate "2020.10.23"]
[SourceQuality "1"]

1. d4 Nf6 2. Nf3 e6 3. Bf4 d5 4. e3 Be7 5. h3 0-0 6. Bd3 b6 7. Nbd2 c5 8. c3 Ba6 9. Qe2 Bxd3 10. Qxd3 Nc6 11. 0-0 h6 12. a3 c4 13. Qe2 b5 14. Ne5 Nxe5 15. Bxe5 Nd7 16. Bh2 a5 17. e4 dxe4 18. a4 Nb6 19. axb5 Qd5 20. Qxe4 Qxb5 21. Qb7 Rfe8 22. Nxc4 Qxc4 23. Qxb6 a4 24. Be5 Bf8 25. Rfc1 Ra6 26. b3 Qd3 27. Qb7 a3 28. Rd1 Qe2 29. Re1 Qd3 30. Rad1 1-0

[Event "Artemisa Province-ch final"]
[Site "Artemisa"]
[Date "2018.10.23"]
[Round "1"]
[White "Amaro Alfonso, Raynner"]
[Black "Santander Valle, David A"]
[Result "0-1"]
[WhiteElo "2180"]
[BlackElo "2018"]
[PlyCount "124"]
[EventDate "2018.10.23"]
[EventType "tourn"]
[EventRounds "10"]
[EventCountry "CUB"]
[SourceTitle "EXT 2021"]
[Source "ChessBase"]
[SourceDate "2020.10.23"]
[SourceVersion "1"]
[SourceVersionDate "2020.10.23"]
[SourceQuality "1"]

1. e4 c5 2. Nf3 d6 3. d4 cxd4 4. Nxd4 Nf6 5. Nc3 a6 6. f3 e5 7. Nb3 Be6 8. Be3 Be7 9. Qd2 0-0 10. 0-0-0 Nbd7 11. g4 b5 12. g5 b4 13. Ne2 Ne8 14. f4 a5 15. f5 a4 16. Nbd4 exd4 17. Nxd4 b3 18. Kb1 bxc2+ 19. Nxc2 Bb3 20. axb3 axb3 21. Na3 Ne5 22. h4 Ra5 23. Bd4 Qa8 24. Qg2 Kh8 25. Rh3 Qb7 26. Bb5 Rxa3 27. bxa3 Qxb5 28. Qb2 Qc6 29. Qe2 Qa4 30. Qb2 Qa8 31. Rxb3 Qxe4+ 32. Ka1 Qxh4 33. f6 gxf6 34. Rb7 Bd8 35. Qc2 Ng7 36. Rb4 Qh3 37. Bb2 Nf5 38. Rb3 Qg4 39. Rf1 Nd4 40. Bxd4 Qxd4+ 41. Ka2 fxg5 42. Rh1 f5 43. Qh2 Rf7 44. Rb8 Qc4+ 45. Ka1 Qd4+ 46. Ka2 Qd5+ 47. Ka1 Nc6 48. Rc8 Qe6 49. Qb2+ Kg8 50. Ra8 Ra7 51. Qh2 Qe5+ 52. Qxe5 dxe5 53. Rxa7 Nxa7 54. Rb1 Nc6 55. Rc1 Nd4 56. Rc8 Ne6 57. Rb8 g4 58. a4 Kf7 59. Rb5 g3 60. a5 Bxa5 61. Rxa5 g2 62. Ra7+ Kf6 0-1

[Event "CUB-ch U18"]
[Site "San Nicolas de Bari"]
[Date "2018.06.14"]
[Round "3"]
[White "Amaro Alfonso, Raynner"]
[Black "Medina Diaz, Rafael Alejandro"]
[Result "1/2-1/2"]
[WhiteElo "2236"]
[BlackElo "2324"]
[PlyCount "76"]
[EventDate "2018.06.13"]
[EventType "swiss"]
[EventRounds "9"]
[EventCountry "CUB"]
[SourceTitle "EXT 2021"]
[Source "ChessBase"]
[SourceDate "2020.10.23"]
[SourceVersion "1"]
[SourceVersionDate "2020.10.23"]
[SourceQuality "1"]

1. e4 e6 2. d4 d5 3. Nd2 Be7 4. e5 c5 5. c3 Nc6 6. Bd3 Qb6 7. Ndf3 cxd4 8. cxd4 Bb4+ 9. Kf1 Bf8 10. Ne2 Nge7 11. Bd2 Bd7 12. b4 Nf5 13. g4 Nh6 14. b5 Nb4 15. Bxb4 Bxb4 16. Qb3 Be7 17. h3 0-0-0 18. Qc3+ Kb8 19. a4 Rc8 20. Qd2 Qd8 21. Kg2 Qf8 22. Rab1 f5 23. exf6 gxf6 24. b6 Bd8 25. bxa7+ Kxa7 26. Bb5 Bxb5 27. axb5 Bb6 28. Rb3 Nf7 29. Ra1+ Kb8 30. Rba3 Kc7 31. Qf4+ Nd6 32. Rc3+ Kd7 33. Rxc8 Nxc8 34. Ra8 Bc7 35. Qe3 Qg7 36. Nf4 Bxf4 37. Qxf4 Nd6 38. Ra7 Rc8 1/2-1/2

[Event "Artemisa Inder Anivers"]
[Site "Artemisa"]
[Date "2018.02.24"]
[Round "9.3"]
[White "Amaro Alfonso, Raynner"]
[Black "Otero Marino, Vladimir"]
[Result "1/2-1/2"]
[WhiteElo "2157"]
[BlackElo "2159"]
[PlyCount "69"]
[EventDate "2018.02.20"]
[EventType "team-tourn"]
[EventRounds "10"]
[EventCountry "CUB"]
[SourceTitle "EXT 2021"]
[Source "ChessBase"]
[SourceDate "2020.10.23"]
[SourceVersion "1"]
[SourceVersionDate "2020.10.23"]
[SourceQuality "1"]
[WhiteTeam "Isla de la Juventud"]
[BlackTeam "Artemisa"]
[WhiteTeamCountry "CUB"]
[BlackTeamCountry "CUB"]

1. Nf3 Nf6 2. c4 c5 3. Nc3 d5 4. cxd5 Nxd5 5. e4 Nxc3 6. dxc3 Qxd1+ 7. Kxd1 Nc6 8. Be3 e5 9. Bc4 f6 10. Ke2 Bd7 11. Rhd1 0-0-0 12. a3 Na5 13. Ba2 Bb5+ 14. Ke1 Nc4 15. Rxd8+ Kxd8 16. Rd1+ Kc7 17. Bc1 Nd6 18. Bd5 Bc6 19. Bxc6 Kxc6 20. Nd2 g6 21. f3 Bh6 22. b4 b6 23. Nc4 Bxc1 24. Nxd6 Bb2 25. b5+ Kc7 26. Kd2 Rd8 27. Kc2 Bxc3 28. Kxc3 Rxd6 29. Rxd6 Kxd6 30. g4 h6 31. h4 Kc7 32. Kc4 Kb7 33. Kd5 a5 34. Kc4 Kc7 35. Kd3 1/2-1/2

[Event "Artemisa Inder Anivers"]
[Site "Artemisa"]
[Date "2018.02.23"]
[Round "7.2"]
[White "Amaro Alfonso, Raynner"]
[Black "Arteaga Garcia, Alejandro"]
[Result "1-0"]
[WhiteElo "2157"]
[BlackElo "2083"]
[PlyCount "77"]
[EventDate "2018.02.20"]
[EventType "team-tourn"]
[EventRounds "10"]
[EventCountry "CUB"]
[SourceTitle "EXT 2021"]
[Source "ChessBase"]
[SourceDate "2020.10.23"]
[SourceVersion "1"]
[SourceVersionDate "2020.10.23"]
[SourceQuality "1"]
[WhiteTeam "Isla de la Juventud"]
[BlackTeam "San Antonio de los Banos"]
[WhiteTeamCountry "CUB"]
[BlackTeamCountry "CUB"]

1. d4 Nf6 2. c4 g6 3. Nc3 Bg7 4. e4 d6 5. Nf3 0-0 6. Be2 e5 7. 0-0 Nc6 8. d5 Ne7 9. Ne1 Nd7 10. f3 f5 11. Be3 f4 12. Bf2 g5 13. Rc1 Ng6 14. c5 Nxc5 15. b4 Na6 16. Nb5 Bd7 17. Nxa7 Rf7 18. a4 Nxb4 19. Qb3 b6 20. Nc6 Nxc6 21. dxc6 Be8 22. Bc4 Kf8 23. Nd3 h5 24. Nb4 g4 25. fxg4 hxg4 26. Bxf7 Bxf7 27. Nd5 Qg5 28. a5 Rxa5 29. Bxb6 Bxd5 30. exd5 cxb6 31. c7 Ne7 32. c8Q+ Nxc8 33. Rxc8+ Kf7 34. Qxb6 Rc5 35. Rxc5 dxc5 36. Qe6+ Kf8 37. Rb1 Qd8 38. Rb7 Qe8 39. Qxe8+ 1-0

[Event "Artemisa Inder Anivers"]
[Site "Artemisa"]
[Date "2018.02.20"]
[Round "1.3"]
[White "Amaro Alfonso, Raynner"]
[Black "Santander Valle, David A"]
[Result "1/2-1/2"]
[WhiteElo "2157"]
[BlackElo "2084"]
[PlyCount "79"]
[EventDate "2018.02.20"]
[EventType "team-tourn"]
[EventRounds "10"]
[EventCountry "CUB"]
[SourceTitle "EXT 2021"]
[Source "ChessBase"]
[SourceDate "2020.10.23"]
[SourceVersion "1"]
[SourceVersionDate "2020.10.23"]
[SourceQuality "1"]
[WhiteTeam "Isla de la Juventud"]
[BlackTeam "Mayabeque"]
[WhiteTeamCountry "CUB"]
[BlackTeamCountry "CUB"]

1. Nf3 Nf6 2. c4 g6 3. Nc3 Bg7 4. e4 d6 5. d4 0-0 6. Be2 c5 7. 0-0 cxd4 8. Nxd4 Re8 9. f3 Nc6 10. Be3 Nd7 11. Nxc6 bxc6 12. Qd2 a5 13. Rab1 Nf6 14. Bd1 Be6 15. Ba4 Bd7 16. Rfd1 c5 17. Bxd7 Nxd7 18. b3 Nf8 19. Ne2 Qb8 20. a3 Ne6 21. b4 cxb4 22. axb4 axb4 23. Rxb4 Qc8 24. Rdb1 Qa6 25. Nf4 Nxf4 26. Bxf4 Qa7+ 27. Be3 Bh6 28. Kf2 Bxe3+ 29. Qxe3 Qxe3+ 30. Kxe3 Ra2 31. R1b2 Rxb2 32. Rxb2 f5 33. Kd4 fxe4 34. fxe4 Kf7 35. c5 dxc5+ 36. Kd5 Rc8 37. Rc2 e6+ 38. Kd6 Rd8+ 39. Ke5 Rc8 40. Kd6 1/2-1/2

[Event "Maria Teresa Mora Memorial Premier"]
[Site "Havana"]
[Date "2018.??.??"]
[Round "4"]
[White "Amaro Alfonso, Raynner"]
[Black "De la Torre Rodriguez, Elizabeth"]
[Result "1-0"]
[WhiteElo "2142"]
[BlackElo "2087"]
[PlyCount "87"]
[EventDate "2018.03.08"]
[EventType "tourn"]
[EventRounds "9"]
[EventCountry "CUB"]
[SourceTitle "EXT 2021"]
[Source "ChessBase"]
[SourceDate "2020.10.23"]
[SourceVersion "1"]
[SourceVersionDate "2020.10.23"]
[SourceQuality "1"]

1. d4 Nf6 2. c4 g6 3. Nc3 Bg7 4. e4 d6 5. Nf3 0-0 6. Be2 e5 7. 0-0 Nc6 8. d5 Ne7 9. Ne1 Nd7 10. Be3 f5 11. f3 f4 12. Bf2 h5 13. Rc1 Nf6 14. c5 Bd7 15. cxd6 cxd6 16. Nb5 Bxb5 17. Bxb5 a6 18. Be2 g5 19. a4 Ng6 20. Qb3 Qd7 21. Nd3 g4 22. Kh1 h4 23. Bb6 Rac8 24. Nf2 g3 25. Nh3 Nh5 26. Bd3 Bf6 27. Rc3 Rxc3 28. bxc3 Kh7 29. Rb1 Rf7 30. a5 Nf8 31. Qc4 Kg6 32. Bc2 gxh2 33. Ba4 Ng3+ 34. Kxh2 Qe7 35. Qc8 Rg7 36. Qe8+ Qxe8 37. Bxe8+ Kh7 38. Ba7 Bd8 39. Bb8 Bxa5 40. Bxd6 Kg8 41. Bxe5 Re7 42. Bd4 Rxe8 43. Rxb7 Nh5 44. Nxf4 1-0

[Event "Maria Teresa Mora Memorial Premier"]
[Site "Havana"]
[Date "2018.??.??"]
[Round "6"]
[White "Amaro Alfonso, Raynner"]
[Black "Rodriguez Gutierrez, Brayans"]
[Result "1/2-1/2"]
[WhiteElo "2142"]
[BlackElo "2136"]
[PlyCount "104"]
[EventDate "2018.03.08"]
[EventType "tourn"]
[EventRounds "9"]
[EventCountry "CUB"]
[SourceTitle "EXT 2021"]
[Source "ChessBase"]
[SourceDate "2020.10.23"]
[SourceVersion "1"]
[SourceVersionDate "2020.10.23"]
[SourceQuality "1"]

1. e4 e6 2. d4 d5 3. Nd2 Nf6 4. e5 Nfd7 5. Bd3 c5 6. c3 Nc6 7. Ne2 cxd4 8. cxd4 f6 9. exf6 Nxf6 10. Nf3 Bd6 11. 0-0 Qc7 12. g3 0-0 13. Bf4 Nh5 14. Bxd6 Qxd6 15. Nc3 g6 16. Re1 a6 17. Na4 Ng7 18. Rc1 Bd7 19. Nc5 b6 20. Nxd7 Qxd7 21. Ne5 Nxe5 22. Rxe5 Rfc8 23. Rxc8+ Rxc8 24. Bxa6 Ra8 25. Bf1 Qa4 26. Qd2 Qxa2 27. Bh3 Re8 28. Qb4 Qa7 29. Re3 b5 30. Ra3 Qb6 31. Ra5 Rb8 32. Bf1 Qc6 33. g4 Qc7 34. h3 Qf4 35. Qc3 b4 36. Qe3 Qxe3 37. fxe3 Rb7 38. Ra8+ Kf7 39. Rh8 h5 40. Bd3 hxg4 41. hxg4 g5 42. Kf2 b3 43. Ke2 e5 44. dxe5 Ke6 45. Rh6+ Kxe5 46. Ra6 Ne6 47. Bf5 Re7 48. Kf3 Ng7 49. Bd3 Rf7+ 50. Ke2 Ne6 51. Bf5 Ng7 52. Bd3 Ne6 1/2-1/2

[Event "Carlos Torre Memorial op 29th"]
[Site "Merida"]
[Date "2017.12.14"]
[Round "1"]
[White "Ramirez Alvarez, Alejandro"]
[Black "Amaro Alfonso, Raynner"]
[Result "1-0"]
[WhiteElo "2566"]
[BlackElo "2254"]
[PlyCount "119"]
[EventDate "2017.12.14"]
[EventType "swiss"]
[EventRounds "9"]
[EventCountry "MEX"]
[SourceTitle "CBM 182 Extra"]
[Source "ChessBase"]
[SourceDate "2018.02.23"]
[SourceVersion "1"]
[SourceVersionDate "2018.02.23"]
[SourceQuality "1"]

1. c4 Nf6 2. g3 g6 3. Bg2 Bg7 4. Nc3 d6 5. d4 0-0 6. Nf3 Nc6 7. 0-0 a6 8. b3 Rb8 9. Bb2 b5 10. cxb5 axb5 11. Rc1 b4 12. Na4 Na7 13. Qc2 Nb5 14. e4 Bd7 15. Rfe1 Bh6 16. Rcd1 Na3 17. Bxa3 bxa3 18. Nc3 c6 19. h3 Qa5 20. g4 Rfc8 21. Nd2 Bxd2 22. Qxd2 c5 23. e5 cxd4 24. Nd5 Qxd2 25. Nxe7+ Kf8 26. Rxd2 Kxe7 27. exf6+ Kxf6 28. Rxd4 Rc2 29. Rxd6+ Be6 30. Ra1 h5 31. Ra6 hxg4 32. hxg4 Rb4 33. Rxa3 Bxg4 34. Ra6+ Kg5 35. Rc6 Rb2 36. Rc4 Rxc4 37. bxc4 Be6 38. a4 Bxc4 39. a5 Ba6 40. Bf1 Bxf1 41. Kxf1 Rb7 42. a6 Ra7 43. Ke2 Kf4 44. Ra4+ Ke5 45. Kd3 f5 46. Ke3 g5 47. Ra5+ Kf6 48. Kd4 g4 49. Kc5 Kg5 50. Kb6 Ra8 51. a7 Kf4 52. Kb7 Rf8 53. a8Q Rxa8 54. Kxa8 Ke4 55. Kb7 f4 56. Ra3 f3 57. Re3+ Kf4 58. Re8 Kg5 59. Kc6 Kh4 60. Rh8+ 1-0

[Event "CUB School-chT"]
[Site "Santa Clara"]
[Date "2017.07.16"]
[Round "7.2"]
[White "Alvarez Calzadilla, Jose Avelino"]
[Black "Amaro Alfonso, Raynner"]
[Result "1-0"]
[WhiteElo "2153"]
[BlackElo "2212"]
[PlyCount "93"]
[EventDate "2017.07.13"]
[EventType "team-swiss"]
[EventRounds "9"]
[EventCountry "CUB"]
[SourceTitle "EXT 2023"]
[Source "ChessBase"]
[SourceDate "2022.10.05"]
[SourceVersion "1"]
[SourceVersionDate "2022.10.05"]
[SourceQuality "1"]

1. d4 Nf6 2. Nf3 g6 3. c4 Bg7 4. g3 0-0 5. Bg2 d6 6. 0-0 Nc6 7. Nc3 a6 8. b3 Rb8 9. Bb2 b5 10. cxb5 axb5 11. Rc1 Bd7 12. Re1 b4 13. Na4 Na5 14. e4 Bxa4 15. bxa4 Nd7 16. Qc2 c5 17. dxc5 Bxb2 18. Qxb2 Nxc5 19. Qd2 Kg7 20. h4 Nxa4 21. h5 e5 22. Rc2 Nc3 23. Bf1 Qf6 24. Nh4 Rfc8 25. Bh3 Rc4 26. Bg2 Rd4 27. Qc1 Nc4 28. a3 Nxa3 29. h6+ Kf8 30. Rxc3 bxc3 31. Qxa3 c2 32. Qa7 Qd8 33. Nf3 Rd1 34. Ng5 Rxe1+ 35. Kh2 Qe7 36. Qxb8+ Qe8 37. Nxh7+ Ke7 38. Qc7+ Qd7 39. Qxc2 Ra1 40. Qb3 Ra8 41. Qf3 Kd8 42. Nf6 Qe7 43. h7 Qf8 44. Ng8 Qg7 45. Qf6+ Qxf6 46. Nxf6 Kc7 47. Ng8 1-0

[Event "CUB School-chT"]
[Site "Santa Clara"]
[Date "2017.07.13"]
[Round "1.1"]
[White "Amaro Alfonso, Raynner"]
[Black "Lores Pulgares, Felix"]
[Result "0-1"]
[WhiteElo "2212"]
[BlackElo "2135"]
[PlyCount "112"]
[EventDate "2017.07.13"]
[EventType "team-swiss"]
[EventRounds "9"]
[EventCountry "CUB"]
[SourceTitle "EXT 2023"]
[Source "ChessBase"]
[SourceDate "2022.10.05"]
[SourceVersion "1"]
[SourceVersionDate "2022.10.05"]
[SourceQuality "1"]

1. e4 c5 2. Nf3 d6 3. d4 cxd4 4. Nxd4 Nf6 5. Nc3 a6 6. f3 e5 7. Nb3 Be6 8. Be3 h5 9. Qd2 Nbd7 10. 0-0-0 Be7 11. h3 Qc7 12. Kb1 Rc8 13. Bd3 h4 14. f4 b5 15. f5 Bc4 16. Ne2 d5 17. exd5 Bxd5 18. Nc3 Bb7 19. Rhe1 b4 20. Ne2 0-0 21. Nec1 a5 22. Qf2 a4 23. Nd2 e4 24. Bf4 Qc5 25. Qxc5 Nxc5 26. Bf1 a3 27. Ncb3 Na4 28. Be5 axb2 29. Bxb2 e3 30. Rxe3 Nd5 31. Rxe7 Nxe7 32. Nf3 Nxf5 33. Bb5 Nxb2 34. Kxb2 Ne3 35. Rd2 Bxf3 36. gxf3 Nc4+ 37. Bxc4 Rxc4 38. a3 bxa3+ 39. Kxa3 Rc3 40. Rf2 Kh7 41. Kb2 Rfc8 42. Nd4 R3c4 43. Rd2 Kg6 44. Ne2 Rb8+ 45. Kc1 Re8 46. Nd4 Rd8 47. Rg2+ Kf6 48. Ne2 Rdc8 49. Ng1 g5 50. Rd2 Ke5 51. Ne2 R8c6 52. Ng1 Kf4 53. Rg2 g4 54. Kd1 Rd4+ 55. Ke1 Ra4 56. Kd2 Rxc2+ 0-1

[Event "CUB School-chT"]
[Site "Santa Clara"]
[Date "2017.07.13"]
[Round "2.2"]
[White "Perez Leiva, Jerzy Jesus"]
[Black "Amaro Alfonso, Raynner"]
[Result "1-0"]
[WhiteElo "2239"]
[BlackElo "2212"]
[PlyCount "99"]
[EventDate "2017.07.13"]
[EventType "team-swiss"]
[EventRounds "9"]
[EventCountry "CUB"]
[SourceTitle "EXT 2023"]
[Source "ChessBase"]
[SourceDate "2022.10.05"]
[SourceVersion "1"]
[SourceVersionDate "2022.10.05"]
[SourceQuality "1"]

1. e4 c5 2. Nf3 Nc6 3. d4 cxd4 4. Nxd4 Nf6 5. Nc3 e5 6. Ndb5 d6 7. Bg5 a6 8. Na3 b5 9. Nd5 Be7 10. Bxf6 Bxf6 11. c4 b4 12. Nc2 Rb8 13. g3 Bg5 14. Bg2 0-0 15. b3 Be6 16. 0-0 a5 17. Qd3 Qd7 18. Rad1 Qa7 19. Kh1 Rfd8 20. f4 Bh6 21. Nde3 g6 22. f5 Bc8 23. Nd5 Bg7 24. g4 Ne7 25. Nce3 Nxd5 26. Nxd5 Qd7 27. g5 Bb7 28. Nf6+ Bxf6 29. gxf6 h6 30. Rf3 Kh7 31. fxg6+ fxg6 32. f7 Qe7 33. f8Q Rxf8 34. Rxf8 Rxf8 35. Qxd6 Qxd6 36. Rxd6 Kg7 37. Re6 Rd8 38. Bf3 Bc8 39. Rxe5 Rd3 40. Kg2 Rd2+ 41. Kg3 Rxa2 42. Re8 Ba6 43. Ra8 Bxc4 44. bxc4 a4 45. e5 a3 46. Ra7+ Kf8 47. e6 Rd2 48. e7+ Ke8 49. Bc6+ Rd7 50. Rxd7 1-0

[Event "CUB-ch U18"]
[Site "Camaguey"]
[Date "2017.06.24"]
[Round "6.6"]
[White "Amaro Alfonso, Raynner"]
[Black "Pozo Castro, Victor Javier"]
[Result "1-0"]
[WhiteElo "2198"]
[BlackElo "2269"]
[PlyCount "57"]
[EventDate "2017.06.21"]
[EventType "swiss"]
[EventRounds "9"]
[EventCountry "CUB"]
[SourceTitle "EXT 2023"]
[Source "ChessBase"]
[SourceDate "2022.10.05"]
[SourceVersion "1"]
[SourceVersionDate "2022.10.05"]
[SourceQuality "1"]

1. e4 c5 2. Nf3 e6 3. d4 cxd4 4. Nxd4 a6 5. Bd3 Nf6 6. 0-0 Qc7 7. Qe2 d6 8. c4 g6 9. Nc3 Bg7 10. Nf3 Nbd7 11. Rd1 0-0 12. h3 b6 13. Bf4 Ne5 14. Bh2 Bb7 15. Rac1 Rfd8 16. b4 Rac8 17. Nxe5 dxe5 18. c5 Bh6 19. Rc2 bxc5 20. Na4 Rxd3 21. Rxd3 Bxe4 22. Rxc5 Bxd3 23. Qxd3 Qb7 24. Bxe5 Nd5 25. a3 Bf8 26. Rxc8 Qxc8 27. Nc3 Nb6 28. Ne4 Nd7 29. Qxd7 1-0